000 00931nam a2200241 a 4500
001 54737
003 BD-RjUL
005 20211209080149.0
008 161109s1981 bg ||||| |||| 00| 0 ben d
020 _c: TK 42.00
035 _a(BD-RjUL)54859
040 _aBD-RjUL
_bben
_cBD-RjUL
041 _aben
082 _223
_a297.6109
_bMEH 1981
100 _aমেহর, গোলাম রসুল
_9163202
245 1 0 _aহযরত সৈয়দ আহমদ শহীদ (রহঃ) /
_cগোলাম রসুল মেহর
260 _aঢাকা :
_bইসলামিক ফাউন্ডেশন্স,
_c১৯৮১
300 _a[২০], ৬৬১ পৃ. ;
_c২১ সেমি.
650 _aইসলামী নেতা
_xজীবনী
_9136369
650 _aIslamic Leader
_xBiography
_9136370
700 _aজলিল, আবদুল, অনুবাদ
_9163203
942 _2ddc
_cBK
999 _c54737
_d54737